|
|
|
|
| LEADER |
03681nam a2200529 4500 |
| 001 |
978-3-319-76584-6 |
| 003 |
DE-He213 |
| 005 |
20191027151701.0 |
| 007 |
cr nn 008mamaa |
| 008 |
180425s2018 gw | s |||| 0|eng d |
| 020 |
|
|
|a 9783319765846
|9 978-3-319-76584-6
|
| 024 |
7 |
|
|a 10.1007/978-3-319-76584-6
|2 doi
|
| 040 |
|
|
|d GrThAP
|
| 050 |
|
4 |
|a QA614-614.97
|
| 072 |
|
7 |
|a PBKS
|2 bicssc
|
| 072 |
|
7 |
|a MAT034000
|2 bisacsh
|
| 072 |
|
7 |
|a PBKS
|2 thema
|
| 082 |
0 |
4 |
|a 514.74
|2 23
|
| 100 |
1 |
|
|a Mescher, Stephan.
|e author.
|4 aut
|4 http://id.loc.gov/vocabulary/relators/aut
|
| 245 |
1 |
0 |
|a Perturbed Gradient Flow Trees and A∞-algebra Structures in Morse Cohomology
|h [electronic resource] /
|c by Stephan Mescher.
|
| 250 |
|
|
|a 1st ed. 2018.
|
| 264 |
|
1 |
|a Cham :
|b Springer International Publishing :
|b Imprint: Springer,
|c 2018.
|
| 300 |
|
|
|a XXV, 171 p. 20 illus.
|b online resource.
|
| 336 |
|
|
|a text
|b txt
|2 rdacontent
|
| 337 |
|
|
|a computer
|b c
|2 rdamedia
|
| 338 |
|
|
|a online resource
|b cr
|2 rdacarrier
|
| 347 |
|
|
|a text file
|b PDF
|2 rda
|
| 490 |
1 |
|
|a Atlantis Studies in Dynamical Systems ;
|v 6
|
| 505 |
0 |
|
|a 1. Basics on Morse homology -- 2. Perturbations of gradient flow trajectories -- 3. Nonlocal generalizations -- 4. Moduli spaces of perturbed Morse ribbon trees -- 5. The convergence behaviour of sequences of perturbed Morse ribbon trees -- 6. Higher order multiplications and the A∞-relations -- 7. A∞-bimodule structures on Morse chain complexes -- A. Orientations and sign computations for perturbed Morse ribbon trees.
|
| 520 |
|
|
|a This book elaborates on an idea put forward by M. Abouzaid on equipping the Morse cochain complex of a smooth Morse function on a closed oriented manifold with the structure of an A∞-algebra by means of perturbed gradient flow trajectories. This approach is a variation on K. Fukaya's definition of Morse-A∞-categories for closed oriented manifolds involving families of Morse functions. To make A∞-structures in Morse theory accessible to a broader audience, this book provides a coherent and detailed treatment of Abouzaid's approach, including a discussion of all relevant analytic notions and results, requiring only a basic grasp of Morse theory. In particular, no advanced algebra skills are required, and the perturbation theory for Morse trajectories is completely self-contained. In addition to its relevance for finite-dimensional Morse homology, this book may be used as a preparation for the study of Fukaya categories in symplectic geometry. It will be of interest to researchers in mathematics (geometry and topology), and to graduate students in mathematics with a basic command of the Morse theory.
|
| 650 |
|
0 |
|a Global analysis (Mathematics).
|
| 650 |
|
0 |
|a Manifolds (Mathematics).
|
| 650 |
|
0 |
|a Dynamics.
|
| 650 |
|
0 |
|a Ergodic theory.
|
| 650 |
|
0 |
|a Complex manifolds.
|
| 650 |
1 |
4 |
|a Global Analysis and Analysis on Manifolds.
|0 http://scigraph.springernature.com/things/product-market-codes/M12082
|
| 650 |
2 |
4 |
|a Dynamical Systems and Ergodic Theory.
|0 http://scigraph.springernature.com/things/product-market-codes/M1204X
|
| 650 |
2 |
4 |
|a Manifolds and Cell Complexes (incl. Diff.Topology).
|0 http://scigraph.springernature.com/things/product-market-codes/M28027
|
| 710 |
2 |
|
|a SpringerLink (Online service)
|
| 773 |
0 |
|
|t Springer eBooks
|
| 776 |
0 |
8 |
|i Printed edition:
|z 9783319765839
|
| 776 |
0 |
8 |
|i Printed edition:
|z 9783319765853
|
| 776 |
0 |
8 |
|i Printed edition:
|z 9783030095260
|
| 830 |
|
0 |
|a Atlantis Studies in Dynamical Systems ;
|v 6
|
| 856 |
4 |
0 |
|u https://doi.org/10.1007/978-3-319-76584-6
|z Full Text via HEAL-Link
|
| 912 |
|
|
|a ZDB-2-SMA
|
| 950 |
|
|
|a Mathematics and Statistics (Springer-11649)
|